[Event "GER AK-1821 email"]
[Site "GER email"]
[Date "2012.01.16"]
[Round "?"]
[White "Kettl, Hans Peter"]
[Black "Weissenfels, Gerd"]
[Result "1/2-1/2"]
[WhiteElo "1568"]
[BlackElo "1476"]
[PlyCount "55"]
[EventDate "2012.01.22"]
[EventType "tourn (corr)"]
[EventRounds "6"]
[EventCountry "GER"]
[SourceTitle "Corr 2015"]
[Source "ChessBase"]
[SourceDate "2015.07.17"]
[SourceVersion "1"]
[SourceVersionDate "2015.07.17"]
[SourceQuality "1"]
[WhiteTeam "Germany"]
[BlackTeam "Latvia"]
[WhiteTeamCountry "GER"]
[BlackTeamCountry "LAT"]

1. d4 e6 2. c4 d6 3. Nc3 Nf6 4. e4 b6 5. Bd3 Bb7 6. f3 Be7 7. Nge2 Nbd7 8. 0-0 0-0 9. Be3 c5 10. d5 e5 11. Ng3 Bc8 12. a3 Kh8 13. Nf5 Rg8 14. Bc2 Bf8 15. Ba4 g6 16. Ng3 Be7 17. f4 Ng4 18. Qxg4 Nf6 19. Qe2 Qf8 20. Bc6 Bg4 21. Qd2 Rd8 22. f5 Rb8 23. fxg6 fxg6 24. Bg5 Qd8 25. b4 Bc8 26. bxc5 bxc5 27. Qd3 Rf8 28. Bh6 1/2-1/2

[Event "GER AK-1821 email"]
[Site "GER email"]
[Date "2012.01.16"]
[Round "?"]
[White "Weissenfels, Gerd"]
[Black "Kettl, Hans Peter"]
[Result "1/2-1/2"]
[WhiteElo "1476"]
[BlackElo "1568"]
[PlyCount "51"]
[EventDate "2012.01.22"]
[EventType "tourn (corr)"]
[EventRounds "6"]
[EventCountry "GER"]
[SourceTitle "Corr 2015"]
[Source "ChessBase"]
[SourceDate "2015.07.17"]
[SourceVersion "1"]
[SourceVersionDate "2015.07.17"]
[SourceQuality "1"]
[WhiteTeam "Germany"]
[BlackTeam "Latvia"]
[WhiteTeamCountry "GER"]
[BlackTeamCountry "LAT"]

1. Nf3 e6 2. e3 d5 3. d3 c5 4. Nbd2 Nf6 5. b3 Nc6 6. Bb2 Bd6 7. Be2 0-0 8. c4 Re8 9. 0-0 e5 10. cxd5 Nxd5 11. h3 Bc7 12. Nh2 f5 13. Rc1 b6 14. a3 Nf6 15. f3 Be6 16. Kh1 Nh5 17. Qe1 f4 18. Ne4 fxe3 19. Bd1 Nf4 20. Qxe3 Nxd3 21. Rc2 Nxb2 22. Rxb2 Nd4 23. Rd2 Qh4 24. Rff2 Rad8 25. Rf1 Nf5 26. Qf2 1/2-1/2

[Event "GER AK-1813 email"]
[Site "GER email"]
[Date "2011.02.21"]
[Round "?"]
[White "Kettl, Hans Peter"]
[Black "Weissenfels, Gerd"]
[Result "1/2-1/2"]
[WhiteElo "1568"]
[BlackElo "1476"]
[PlyCount "80"]
[EventDate "2011.02.28"]
[EventType "tourn (corr)"]
[EventRounds "6"]
[EventCountry "GER"]
[SourceTitle "Corr 2015"]
[Source "ChessBase"]
[SourceDate "2015.07.17"]
[SourceVersion "1"]
[SourceVersionDate "2015.07.17"]
[SourceQuality "1"]
[WhiteTeam "Germany"]
[BlackTeam "Germany"]
[WhiteTeamCountry "GER"]
[BlackTeamCountry "GER"]

1. a3 Nf6 2. g3 g6 3. Bg2 Bg7 4. c4 0-0 5. Nc3 c6 6. d4 b6 7. e4 Bb7 8. Be3 d6 9. Nf3 Nbd7 10. 0-0 Qc7 11. Rc1 Rad8 12. Qc2 a6 13. b4 c5 14. d5 Rde8 15. Rb1 Ng4 16. Bd2 Bc8 17. bxc5 Nxc5 18. h3 Ne5 19. Nxe5 Bxe5 20. f4 Bg7 21. f5 Bd4+ 22. Kh2 Bg7 23. Ne2 Nd7 24. Qb3 a5 25. Be3 Ne5 26. fxg6 Qxc4 27. gxf7+ Rxf7 28. Rxf7 Kxf7 29. Nf4 Qxb3 30. Rxb3 a4 31. Rb4 b5 32. Rxb5 Nc4 33. Bc1 Bd7 34. Rb7 Rc8 35. Rxd7 Ne5 36. Ra7 Rxc1 37. Rxa4 Rc2 38. Rb4 Nf3+ 39. Kh1 Rc1+ 40. Bf1 Rxf1+ 1/2-1/2

[Event "GER AK-1813 email"]
[Site "GER email"]
[Date "2011.02.21"]
[Round "?"]
[White "Weissenfels, Gerd"]
[Black "Goebel, Knut"]
[Result "0-1"]
[WhiteElo "1476"]
[BlackElo "1563"]
[PlyCount "90"]
[EventDate "2011.02.28"]
[EventType "tourn (corr)"]
[EventRounds "6"]
[EventCountry "GER"]
[SourceTitle "Corr 2015"]
[Source "ChessBase"]
[SourceDate "2015.07.17"]
[SourceVersion "1"]
[SourceVersionDate "2015.07.17"]
[SourceQuality "1"]
[WhiteTeam "Germany"]
[BlackTeam "Germany"]
[WhiteTeamCountry "GER"]
[BlackTeamCountry "GER"]

1. e4 d5 2. exd5 Qxd5 3. Nc3 Qd6 4. Nf3 Nf6 5. Be2 c6 6. 0-0 Bg4 7. Nh4 Bxe2 8. Nxe2 g6 9. c3 Bg7 10. d4 0-0 11. Bf4 Qd8 12. Nf3 Nbd7 13. Qc2 Nd5 14. Bd2 Re8 15. Rae1 e5 16. dxe5 Nxe5 17. Nxe5 Rxe5 18. f4 Qb6+ 19. Kh1 Ne3 20. Bxe3 Rxe3 21. Rd1 Rae8 22. Rd2 Qa6 23. Rf2 Qxa2 24. Qd1 Qe6 25. Qc2 f5 26. h3 c5 27. g3 Qc6+ 28. Kh2 c4 29. Qd1 b5 30. Qc2 Qb6 31. Qd1 Rd3 32. Kg2 Red8 33. Nd4 Bxd4 34. Rxd3 cxd3 35. cxd4 Qxd4 36. Rd2 a5 37. Qb3+ Qc4 38. Qd1 Kf7 39. Qf3 Rd7 40. Kh2 a4 41. Qd1 Qe4 42. Qf1 Rc7 43. Qd1 Rc2 44. h4 Rxd2+ 45. Qxd2 Qe2+ 0-1

[Event "GER S2G2_2010 email"]
[Site "GER email"]
[Date "2010.01.27"]
[Round "?"]
[White "Weissenfels, Gerd"]
[Black "Boos, Markus"]
[Result "0-1"]
[WhiteElo "1476"]
[BlackElo "1721"]
[PlyCount "108"]
[EventDate "2010.02.01"]
[EventType "tourn (corr)"]
[EventRounds "6"]
[EventCountry "GER"]
[SourceTitle "Corr 2013"]
[Source "ChessBase"]
[SourceDate "2012.11.12"]
[SourceVersion "1"]
[SourceVersionDate "2012.11.12"]
[SourceQuality "1"]

1. Nf3 c5 2. g3 Nc6 3. Bg2 e5 4. d3 d5 5. 0-0 Be7 6. Nbd2 Nf6 7. b3 0-0 8. Bb2 d4 9. a3 Qc7 10. c4 h6 11. Qe1 Nd7 12. e3 dxe3 13. fxe3 Nf6 14. Qe2 Be6 15. Rfd1 Rad8 16. Nf1 e4 17. dxe4 Nxe4 18. N3d2 Nxd2 19. Rxd2 Rd6 20. Rxd6 Bxd6 21. Rd1 Rd8 22. Rd2 Rb8 23. Bxc6 Qxc6 24. Qd1 Be7 25. Be5 Re8 26. h4 Bh3 27. Qe2 Bxh4 28. Rd6 Qe4 29. Bf4 Be7 30. Rd5 Be6 31. Rh5 b5 32. Nd2 Qc2 33. Bxh6 gxh6 34. Rxh6 Bf8 35. Rh2 bxc4 36. Qh5 Bg7 37. bxc4 Bxc4 38. Nxc4 Qc1+ 39. Kg2 Qxc4 40. Rh4 Qc2+ 41. Kh3 Re5 42. Qg4 Qf5 43. Qxf5 Rxf5 44. Rc4 Re5 45. e4 Bh6 46. a4 Be3 47. Kg4 f6 48. Kf3 Bd4 49. g4 Kf7 50. Kf4 Kg6 51. Rc2 Re6 52. Rc4 Rb6 53. Rc1 Rb3 54. Re1 Be5# 0-1

[Event "GER S2G2_2010 email"]
[Site "GER email"]
[Date "2010.01.27"]
[Round "?"]
[White "Wolff, Peter"]
[Black "Weissenfels, Gerd"]
[Result "1-0"]
[WhiteElo "2017"]
[BlackElo "1476"]
[PlyCount "67"]
[EventDate "2010.02.01"]
[EventType "tourn (corr)"]
[EventRounds "6"]
[EventCountry "GER"]
[SourceTitle "Corr 2013"]
[Source "ChessBase"]
[SourceDate "2012.11.12"]
[SourceVersion "1"]
[SourceVersionDate "2012.11.12"]
[SourceQuality "1"]

1. c4 Nf6 2. g3 g6 3. Bg2 Bg7 4. Nc3 0-0 5. d4 d6 6. Nf3 c6 7. e4 Bg4 8. Be3 Nbd7 9. h3 Bxf3 10. Qxf3 e5 11. Rd1 Qc7 12. 0-0 a6 13. a4 h6 14. Qe2 c5 15. dxe5 Nxe5 16. f4 Ned7 17. Qd3 Nb6 18. a5 Nc8 19. Ra1 Rd8 20. Rfd1 Ne7 21. Qc2 Rd7 22. Na4 Nc8 23. Bd2 Rb8 24. Ra3 Re7 25. Rb3 Nd7 26. Nc3 Nf6 27. e5 dxe5 28. fxe5 Rxe5 29. Bf4 Qe7 30. Bxe5 Qxe5 31. Nd5 Ne7 32. Re3 Ne4 33. Rxe4 Qf5 34. Nxe7+ 1-0

[Event "GER AK-1785 email"]
[Site "GER email"]
[Date "2009.10.22"]
[Round "?"]
[White "Rheindt, Stefan"]
[Black "Weissenfels, Gerd"]
[Result "1-0"]
[WhiteElo "1435"]
[BlackElo "1476"]
[PlyCount "59"]
[EventDate "2009.10.28"]
[EventType "tourn (corr)"]
[EventRounds "6"]
[EventCountry "GER"]
[SourceTitle "Corr 2013"]
[Source "ChessBase"]
[SourceDate "2012.11.12"]
[SourceVersion "1"]
[SourceVersionDate "2012.11.12"]
[SourceQuality "1"]

1. e4 d6 2. d4 Nf6 3. Bc4 g6 4. Nc3 Bg7 5. Nf3 0-0 6. e5 dxe5 7. Nxe5 e6 8. Bg5 Nbd7 9. Qe2 h6 10. Bh4 a6 11. 0-0-0 Qe8 12. f4 Nxe5 13. dxe5 Nd7 14. Ne4 b5 15. Bb3 Bb7 16. Nf6+ Bxf6 17. exf6 Nc5 18. Rd4 Nxb3+ 19. axb3 Qc6 20. Rg1 Qc5 21. Rgd1 Rfe8 22. Bf2 Bxg2 23. Be3 Qc6 24. R1d2 Bd5 25. c4 Bf3 26. Qf2 Bg4 27. Qh4 Qh1+ 28. Rd1 Qf3 29. Qxh6 Qxe3+ 30. Kb1 1-0

[Event "GER AK-1785 email"]
[Site "GER email"]
[Date "2009.10.22"]
[Round "?"]
[White "Weissenfels, Gerd"]
[Black "Suermann, Uwe"]
[Result "1-0"]
[WhiteElo "1476"]
[BlackElo "1399"]
[PlyCount "65"]
[EventDate "2009.10.28"]
[EventType "tourn (corr)"]
[EventRounds "6"]
[EventCountry "GER"]
[SourceTitle "Corr 2013"]
[Source "ChessBase"]
[SourceDate "2012.11.12"]
[SourceVersion "1"]
[SourceVersionDate "2012.11.12"]
[SourceQuality "1"]

1. Nf3 d5 2. g3 g6 3. Bg2 Bg7 4. 0-0 e5 5. d3 Nc6 6. Nbd2 Nge7 7. e4 Bg4 8. h3 Be6 9. c3 0-0 10. b4 dxe4 11. Nxe4 Nd5 12. Bb2 Nf6 13. Qc2 Nxe4 14. dxe4 Bc4 15. Rfd1 Qe7 16. Nd2 Be6 17. a3 Rad8 18. b5 Na5 19. a4 Rfe8 20. Ba3 Qg5 21. Bc1 Qe7 22. Ba3 Qg5 23. c4 f5 24. Bb4 Rxd2 25. Bxd2 f4 26. h4 Qe7 27. Bxa5 fxg3 28. fxg3 Bg4 29. Rf1 Bh6 30. Bd2 Bxd2 31. Qxd2 Rd8 32. Qf2 Rf8 33. Qxa7 1-0

[Event "GER OL-249 email"]
[Site "GER email"]
[Date "2009.09.04"]
[Round "?"]
[White "Weissenfels, Gerd"]
[Black "Granz, Thomas"]
[Result "0-1"]
[WhiteElo "1451"]
[BlackElo "1640"]
[PlyCount "42"]
[EventDate "2009.??.??"]
[EventType "tourn (corr)"]
[EventRounds "6"]
[EventCountry "GER"]
[SourceTitle "Corr 2011"]
[Source "ChessBase"]
[SourceDate "2010.08.31"]
[SourceVersion "1"]
[SourceVersionDate "2010.08.31"]
[SourceQuality "1"]

1. Nf3 Nc6 2. g3 e5 3. d3 Bc5 4. Bg2 d6 5. 0-0 Nge7 6. Nbd2 0-0 7. c3 a5 8. a3 Be6 9. Qc2 h6 10. Ne4 Bb6 11. e3 f5 12. Ned2 a4 13. e4 fxe4 14. Nxe4 d5 15. Ned2 Qe8 16. c4 Qh5 17. c5 Ba5 18. b4 axb3 19. Qxb3 Bg4 20. d4 e4 21. Ne5 Nxd4 0-1

[Event "GER OL-244 email"]
[Site "GER email"]
[Date "2008.??.??"]
[Round "?"]
[White "Weissenfels, Gerd"]
[Black "Meister, Gerhard"]
[Result "0-1"]
[WhiteElo "1451"]
[BlackElo "1931"]
[PlyCount "50"]
[EventDate "2008.??.??"]
[EventType "tourn (corr)"]
[EventRounds "6"]
[EventCountry "GER"]
[SourceTitle "Corr 2011"]
[Source "ChessBase"]
[SourceDate "2010.08.31"]
[SourceVersion "1"]
[SourceVersionDate "2010.08.31"]
[SourceQuality "1"]

1. Nf3 Nf6 2. g3 d5 3. Bg2 c6 4. 0-0 Bf5 5. d3 e6 6. Nbd2 h6 7. b3 Be7 8. Bb2 0-0 9. c4 Nbd7 10. a3 Bh7 11. b4 a5 12. b5 cxb5 13. cxb5 a4 14. Rc1 Qa5 15. Rb1 Bc5 16. h3 Qb6 17. Qe1 Qd6 18. Ra1 Rfc8 19. d4 Ba7 20. Qd1 Rc2 21. Ra2 Rac8 22. Ne1 Rxb2 23. Rxb2 Qxa3 24. Rc2 Bxc2 25. Nxc2 Qb2 0-1

[Event "Alpenpokal op 28th"]
[Site "Oberstdorf"]
[Date "2002.??.??"]
[Round "2"]
[White "Weissenfels, Gerd"]
[Black "Boehm, Karl Heinz"]
[Result "0-1"]
[WhiteElo "1300"]
[BlackElo "1681"]
[PlyCount "48"]
[EventDate "2002.01.12"]
[EventType "swiss"]
[EventRounds "9"]
[EventCountry "GER"]
[SourceTitle "EXT 2003"]
[Source "ChessBase"]
[SourceDate "2002.11.25"]
[SourceVersion "1"]
[SourceVersionDate "2002.11.25"]
[SourceQuality "1"]

1. e4 c5 2. d3 d6 3. Nc3 g6 4. Bd2 Bg7 5. Be2 Nf6 6. Nf3 0-0 7. 0-0 Nc6 8. a3 a6 9. Qc1 Re8 10. Bg5 Be6 11. h3 Nd7 12. Nd5 b5 13. c3 Nce5 14. Nxe5 Nxe5 15. f4 Nc6 16. g4 f6 17. f5 Bxd5 18. exd5 Ne5 19. Bh6 Qb6 20. Kg2 Qb7 21. c4 bxc4 22. dxc4 Qb3 23. Bxg7 Kxg7 24. Rf3 Nxf3 0-1

[Event "Alpenpokal op 28th"]
[Site "Oberstdorf"]
[Date "2002.??.??"]
[Round "1"]
[White "Zuri, Rahim"]
[Black "Weissenfels, Gerd"]
[Result "1-0"]
[WhiteElo "1854"]
[BlackElo "1300"]
[PlyCount "45"]
[EventDate "2002.01.12"]
[EventType "swiss"]
[EventRounds "9"]
[EventCountry "GER"]
[SourceTitle "EXT 2003"]
[Source "ChessBase"]
[SourceDate "2002.11.25"]
[SourceVersion "1"]
[SourceVersionDate "2002.11.25"]
[SourceQuality "1"]

1. e4 e5 2. Bc4 Nf6 3. Qe2 Be7 4. c3 d6 5. Nf3 Nc6 6. 0-0 Bd7 7. h3 h6 8. a3 Qc8 9. d3 Bxh3 10. gxh3 Qxh3 11. Nh2 Nh5 12. Qg4 Qxg4+ 13. Nxg4 Nf6 14. Ne3 h5 15. b4 h4 16. Nf5 g6 17. Nxe7 Kxe7 18. f4 Rag8 19. fxe5 Nxe5 20. Bg5 Neg4 21. Nd2 Rh5 22. Nf3 Ne3 23. Bxe3 1-0